000 01027cam a2200325Ia 4500
001 94362
005 20230410130935.0
008 010226s2000 mx 000 1 spa d
020 _a8420442550
020 _a9788420442556
029 1 _aAU@
_b000043548422
035 _a(OCoLC)46326276
050 1 4 _aPQ 8498.32
_bV297p 2000
082 0 0 _a863
049 _aGRAL
100 1 _aVargas Llosa, Mario,
_d1936-
245 1 0 _aPantaleón y las visitadoras /
_cMario Vargas Llosa.
260 _aMéxico :
_bAlfaguara,
_c2000.
300 _a326 p. ;
_c22 cm.
650 7 _aNovela peruana
_ySiglo XX.
_2bidex
653 _aLiteratura peruana
_aNovela
_aSiglo XX.
653 _aNovela peruana
_aSiglo XX.
650 0 _aSpanish fiction.
650 4 _aLa Ficción Española.
776 0 8 _iOnline version:
_aVargas Llosa, Mario, 1936-
_tPantaleón y las visitadoras.
_dMéxico : Alfaguara, 2000
_w(OCoLC)646859473
938 _aPuvill Libros
_bPUVL
_n8420442550
_c$28.51
942 _2lcc
_cbk
994 _aC0
_bDRFGD
946 _aJP
999 _c83150
_d83150